Nutrición y alimentación humana (Registro nro. 33636)

Detalles MARC
000 -CABECERA
Longitud fija campo de control 00631nam a22002057a 4500
003 - IDENTIFICADOR DELl NÚMERO DE CONTROL
Identificador del número de control OSt
005 - FECHA Y HORA DE LA ÚLTIMA TRANSACCIÓN
Fecha y hora de la última transacción 20230130175249.0
008 - CÓDIGOS DE INFORMACIÓN DE LONGITUD FIJA
Códigos de información de longitud fija 230130b ||||| |||| 00| 0 eng d
020 ## - NÚMERO INTERNACIONAL NORMALIZADO PARA LIBROS
Número Internacional Normalizado para Libros (ISBN) 978-84-8473-664-6 (obra completa)
040 ## - FUENTE DE LA CATALOGACIÓN
Centro catalogador de origen BMC
Centro transcriptor BMC
082 ## - NÚMERO DE LA CLASIFICACIÓN DECIMAL DEWEY
Númeroo de clasificación 613.2
100 1# - PUNTO DE ACCESO PRINCIPAL-NOMBRE DE PERSONA
9 (RLIN) 46925
Nombre de persona Mataix Verdú, José‏
245 10 - MENCIÓN DE TÍTULO
Título Nutrición y alimentación humana
Mención de responsabilidad, etc. José Mataix Verdú
250 ## - MENCIÓN DE EDICIÓN
Mención de edición 2ª ed.
260 ## - PUBLICACIÓN, DISTRIBUCIÓN, ETC. (PIE DE IMPRENTA)
Lugar de publicación, distribución, etc. Madrid
Nombre del editor, distribuidor, etc. Ergon
Fecha de publicación, distribución, etc. reimp. 2016
300 ## - DESCRIPCIÓN FÍSICA
Extensión 2 V.
Dimensiones 29 cm
505 ## - NOTA DE CONTENIDO CON FORMATO
Nota de contenido con formato V. I: Nutrientes y alimentos - V. 2: situaciones fisiologícas y patologicas
650 24 - PUNTO DE ACCESO ADICIONAL DE MATERIA - TÉRMINO DE MATERIA
9 (RLIN) 2745
Término de materia o nombre geográfico como elemento inicial Nutrición
942 ## - ENTRADA DE ELEMENTOS AGREGADOS (KOHA)
Fuente de clasificaión o esquema Dewey Decimal Classification
Koha [por defecto] tipo de item 1- Monografias
Parte de clasificación prozim
Existencias
Suprimido Perdido Fuente de clasificación o esquema Estropeado Restricciones de uso No para préstamo Código de colección Localización permanente Localización actual Localización en estanter&íacute;as Fecha adquisición Fuente de adquisición Número de inventario Préstamos totales Signatura completa Código de barras Fecha última consulta Fecha del precio de reemplazo Tipo de item de Koha Fecha último préstamo
NULL NULL Dewey Decimal Classification NULL Prestable NULL NULL Biblioteca Miguel de Cervantes - UNICAES Biblioteca Miguel de Cervantes - UNICAES Sala Principal 27/01/2023 Donación - Facultad de Ciencias de la Salud 035286   613.2 MAT nut (v. 1) 1050141 01/02/2023 01/02/2023 1- Monografias  
NULL NULL Dewey Decimal Classification NULL Prestable NULL NULL Biblioteca Miguel de Cervantes - UNICAES Biblioteca Miguel de Cervantes - UNICAES Sala Principal 27/01/2023 Donación - Facultad de Ciencias de la Salud 035287   613.2 MAT nut (v. 2) 1050142 01/02/2023 01/02/2023 1- Monografias  
NULL NULL Dewey Decimal Classification NULL Prestable NULL NULL Biblioteca Miguel de Cervantes - UNICAES Biblioteca Miguel de Cervantes - UNICAES Sala Principal 27/01/2023 Donación - Facultad de Ciencias de la Salud 035288   613.2 MAT nut (v. 2) 1050143 01/02/2023 01/02/2023 1- Monografias  
NULL NULL Dewey Decimal Classification NULL Prestable NULL NULL Biblioteca Miguel de Cervantes - UNICAES Biblioteca Miguel de Cervantes - UNICAES Sala Principal 27/01/2023 Donación - Facultad de Ciencias de la Salud 035289   613.2 MAT nut (v. 1) 1050144 01/02/2023 01/02/2023 1- Monografias  
NULL NULL Dewey Decimal Classification NULL Prestable NULL NULL Biblioteca Miguel de Cervantes - UNICAES Biblioteca Miguel de Cervantes - UNICAES Sala Principal 27/01/2023 Donación - Facultad de Ciencias de la Salud 035290 1 613.2 MAT nut (v. 1) 1050145 02/03/2026 01/02/2023 1- Monografias 02/03/2026
NULL NULL Dewey Decimal Classification NULL Prestable NULL NULL Biblioteca Miguel de Cervantes - UNICAES Biblioteca Miguel de Cervantes - UNICAES Sala Principal 27/01/2023 Donación - Facultad de Ciencias de la Salud 035291   613.2 MAT nut (v. 2) 1050146 01/02/2023 01/02/2023 1- Monografias